| 000 | 00364 a2200157 4500 | ||
|---|---|---|---|
| 001 | 156894 | ||
| 020 | _a978/8508118748 | ||
| 040 | _cEscola São Tomás de Aquino | ||
| 100 | _aBELINKY, Tatiana | ||
| 240 | 1 | 0 |
_aHistória de fantasma _lpor |
| 245 | 1 | 0 | _aHistória de fantasma |
| 300 | _a24 p. | ||
| 362 | 0 | _a2008 | |
| 697 | _a*LITERATURA INFANTO | ||
| 942 | _cBK | ||
| 999 |
_c156894 _d156894 |
||